Score tests in generalized linear measurement error models.

Analýza testov hypotéz v zovšeobecnených lineárnych modeloch. Dva nové testy, ich výhody a oblasť ich použitia.

Enregistré dans:
Détails bibliographiques
Auteur principal: Stefanski, L.A
Autres auteurs: Carroll, R.J
Format: Chapitre de livre
Langue:anglais
Sujets:
Tags: Ajouter un tag
Pas de tags, Soyez le premier à ajouter un tag!

MARC

LEADER 00000naa a2200000 4500
001 r006186
005 20220819194641.4
041 0 |a eng 
044 |a GB 
245 1 0 |a Score tests in generalized linear measurement error models.  |c L.A. Stefanski, R.J. Carrol 
520 |a Analýza testov hypotéz v zovšeobecnených lineárnych modeloch. Dva nové testy, ich výhody a oblasť ich použitia. 
610 2 0 |a modely lineárne 
610 2 0 |a testy 
610 2 0 |a metódy matematicko-štatistické 
610 2 0 |a testovanie hypotéz 
100 1 |a Stefanski, L.A. 
700 1 |a Carroll, R.J.